| 000 | 01417cam a2200337 a 4500 | ||
|---|---|---|---|
| 001 | 15527821 | ||
| 005 | 20090109135359.0 | ||
| 008 | 081119s2008 enk |rb 001 0 eng | ||
| 010 | _a 2008300949 | ||
| 015 |
_aGBA897421 _2bnb |
||
| 015 |
_aGBA890443 _2bnb |
||
| 020 | _a9780521888165 (hbk.) | ||
| 020 | _a9780521716208 (pbk.) | ||
| 035 | _a(OCoLC)ocn226303374 | ||
| 040 |
_aUKM _cUKM _dYDXCP _dBTCTA _dBAKER _dBWK _dCUY _dC#P _dNLGGC _dBWX _dCDX _dDLC |
||
| 042 | _alccopycat | ||
| 050 | 0 | 0 |
_aJZ1306 _b.M68 2008 |
| 082 | 0 | 4 |
_a327.101 _222 _bMOR |
| 245 | 0 | 0 |
_aMoral Limit and Possibility in World Politics / _cEdited by Richard M. Price. |
| 260 |
_aCambridge ; _aNew York : _bCambridge University Press, 2008 _c2008. |
||
| 300 |
_axi, 309 p. ; _c24 cm. |
||
| 490 |
_aCambridge Studies in International Relations ; _v107 _914560 |
||
| 504 | _aIncludes bibliographical references and index. | ||
| 650 | 0 |
_aInternational relations _xMoral and ethical aspects. _914556 |
|
| 650 | 0 |
_aPolitical ethics. _914557 |
|
| 650 | 0 |
_aNormativity (Ethics) _914558 |
|
| 700 | 1 |
_aPrice, Richard M. _q(Richard MacKay), _d1964- _914559 |
|
| 942 |
_2ddc _cBB |
||
| 999 |
_c14054 _d14054 |
||